Random People - Statistics

General Stats
  • This quiz has been taken 21 times
  • The average score is 16 of 30
Answer Stats
Hint Answer % Correct
The Beatles Lead Singer (1960-1969) John Lennon
93%
The Beatles Bassist (1960-1970) Paul McCartney
86%
UK Monarch (1952-2022) Queen Elizabeth II
86%
The Beatles Drummer (1962-1970) Ringo Starr
86%
US President (2001-2009) George W. Bush
79%
James Bond (1973-1985) Roger Moore
79%
James Bond (1962-1983) Sean Connery
79%
James Bond (2006-2021) Daniel Craig
71%
The Beatles Guitarist (1960-1970) George Harrison
71%
English Monarch (1066-1087) King William I
64%
UK Prime Minister (1997-2007) Tony Blair
64%
Batman (1966) Adam West
57%
Batman (1997) George Clooney
57%
The Beatles Drummer (1960-1962) Pete Best
57%
Batman (2005-2012) Christian Bale
50%
Batman (1989-1992) Michael Keaton
50%
James Bond (1995-2002) Pierce Brosnan
50%
James Bond (1987-1989) Timothy Dalton
50%
Batman (1995) Val Kilmer
50%
Batman (2016-2017) Ben Affleck
43%
James Bond (1967) David Niven / Peter Sellers
36%
James Bond (1969) George Lazenby
36%
UK Prime Minister (2007-2010) Gordon Brown
29%
Spanish Monarch (1975-2014) King Juan Carlos I
29%
Batman (2022) Robert Pattinson
29%
UK Prime Minister (1721-1742) Robert Walpole
29%
The Beatles Bassist (1960-1961) Stuart Sutcliffe
29%
UK Monarch (1707-1714) Queen Anne
21%
Canadian Prime Minister (2006-2015) Stephen Harper
21%
Batman (1993) Kevin Conroy
14%
No matching quizzes found
Score Distribution
Percent of People with Each Score
Percentile by Number Answered
Your Score History
You have not taken this quiz